书目信息 |
| 题名: |
即将到来的地缘战争
|
|
| 作者: | 卡普兰 著 ;涵朴 译 | |
| 分册: | ||
| 出版信息: | 广州 广东人民出版社 2016 |
|
| 页数: | 17,342页 | |
| 开本: | 24cm | |
| 丛书名: | ||
| 单 册: | ||
| 中图分类: | K901.4 | |
| 科图分类: | ||
| 主题词: | 地缘政治学--di yuan zheng zhi xue--研究 | |
| 电子资源: | ||
| ISBN: | 978-7-218-08641-5 | |
| 000 | 01192nam0 22002891 450 | |
| 001 | 0119165248 | |
| 005 | 20170620100424.90 | |
| 010 | @a978-7-218-08641-5@b精装@dCNY59.80 | |
| 100 | @a20160809d2016 em y0chiy50 ea | |
| 101 | 1 | @achi@ceng |
| 102 | @aCN@b440000 | |
| 105 | @aab z 000yy | |
| 106 | @ar | |
| 200 | 1 | @a即将到来的地缘战争@9ji jiang dao lai de di yuan zhan zheng@dThe revenge of geography@f(美)罗伯特·D. 卡普兰(Robert D. Kaplan)著@g涵朴译@zeng |
| 205 | @a2版 | |
| 210 | @a广州@c广东人民出版社@d2016 | |
| 215 | @a17,342页@c照片,地图@d24cm | |
| 300 | @a白金典藏版 | |
| 305 | @a通过Grand China Publishing House (中资出版社)授权出版 | |
| 330 | @a本书以地理为主线,通过地图导出地缘政治,并将地理作为手术刀,结合作者其毕生观察、发现和相关理论来剖析国际关系和全球化中无法解释的冲突。同时,作者以地理的逻辑解释历史现象,解析当前世界地缘政治热点,预测未来全球事件的演变。 | |
| 510 | 1 | @aRevenge of geography@zeng |
| 606 | 0 | @a地缘政治学@9di yuan zheng zhi xue@x研究 |
| 690 | @aK901.4@v5 | |
| 701 | 0 | @c(美)@a卡普兰@9ka pu lan@c(Kaplan, Robert David@f1952~)@4著 |
| 702 | 0 | @a涵朴@9han pu@4译 |
| 801 | 0 | @aCN@b百万庄@c20170616 |
| 905 | @b1011051-6@dK901.4@e242=2@f6 | |
| 即将到来的地缘战争=The revenge of geography/(美)罗伯特·D. 卡普兰(Robert D. Kaplan)著/涵朴译.-2版.-广州:广东人民出版社,2016 |
| 17,342页:照片,地图;24cm |
| 白金典藏版 |
| ISBN 978-7-218-08641-5(精装):CNY59.80 |
| 本书以地理为主线,通过地图导出地缘政治,并将地理作为手术刀,结合作者其毕生观察、发现和相关理论来剖析国际关系和全球化中无法解释的冲突。同时,作者以地理的逻辑解释历史现象,解析当前世界地缘政治热点,预测未来全球事件的演变。 |
| ● |
| 相关链接 |
|
|
|
|
正题名:即将到来的地缘战争
索取号:K901.4/242=2
 
预约/预借
| 序号 | 登录号 | 条形码 | 馆藏地/架位号 | 状态 | 备注 |
| 1 | 1011051 | 210110510 | 第二样本阅览室/ [索取号:K901.4/242=2] | 在馆 | |
| 2 | 1011052 | 210110529 | 教育系资料室/ [索取号:K901.4/242=2] | 在馆 | |
| 3 | 1011053 | 210110538 | 教育系资料室/ [索取号:K901.4/242=2] | 在馆 | |
| 4 | 1011054 | 210110547 | 教育系资料室/ [索取号:K901.4/242=2] | 在馆 | |
| 5 | 1011055 | 210110556 | 第二借阅区/ [索取号:K901.4/242=2] | 在馆 | |
| 6 | 1011056 | 210110565 | 第二借阅区/ [索取号:K901.4/242=2] | 在馆 |